00456 2200181 4500001002100000005001500021035002000036007000300056008004100059020001800100082001000118084001600128100001800144245004200162260004400204856001700248990000900265INLIS00000000000164920230216125133 a0010-0223000110ta230216 g 0 ind  a9789790500228 a959.8 a959.8 EKO s0 aEko Praptanto1 asejarah indoensia 8 : zaman orde lama aJakarta :bBina sumber daya mipa,c2010 aKoleksi Umum a2903